00703 2200217 4500001002100000005001500021035002500036090001600061245007800077260008600155300003900241008004100280040001700321082001400338084001400352650001700366850001200383041000800395710006400403990001800467YOGYA00000000004920820190119110010 a0010-081400000048926 aL 722.4 CAN0 aCandi Sewu /cBagian Proyek Pelestarian Peninggalan Sejarah dan Purbakala aJawa Tengah :bBagian Proyek Pelestarian Peninggalan Sejarah dan Purbakala,c1991 axvii, 158 halaman :bfoto ;c24 cm131108s1992 jtia f ind d aYOPDYOGbind04223a722.4 a722.4 CAN 4aSewu (Candi) aYOPDYOG0 aind2 aBagian Proyek Pelestarian Peninggalan Sejarah dan Purbakala a62297-PD/A.18